Anatomie d'un fleuve # le Gange - Statistiques

Statistiques générales
  • Ce quiz a été pris 28 fois
  • Le résultat moyen est 11 sur 21
Statistiques - réponses
Question Réponse % Correct
Religion pour laquelle le Gange est sacré Hindouisme
100%
Chaîne de montagnes où le Gange prend sa source Himalaya
92%
Type d'embouchure, la plus grande du monde dans son genre Delta
79%
Nom du golfe où il aboutit Golfe du {Bengale}
75%
Citer l'une des trois productions agricoles majeures de l'embouchure du Gange Jute | Thé | Riz
75%
Etendue d'eau dans laquelle il se jette Océan Indien
75%
Autre pays arrosé par une autre des branches du Gange Bangladesh
67%
Fleuve majeur auquel il mêle ses eaux à son embouchure Brahmapoutre
67%
Métropole indienne au bord d'une des branches du fleuve Calcutta
63%
Le Gange est cité parmi les "dieux fleuves" de cette mythologie pourtant lointaine Mythologie {grecque}
58%
Que dispersent les croyants dans le fleuve pour leur apporter un avenir meilleur ? des cendres
54%
Mammifère marin présent dans les eaux du Gange {Dauphin} du Gange
50%
On en trouve chaque jour près de 500 dans le fleuve, ce qui contribue à sa pollution... des cadavres humains
50%
Citez l'un des cinq Etats indiens traversés par le Gange Bengale occidental | Bihar | Jharkhand | Uttarakhand | Uttar Pradesh
46%
Nom de la déesse qui tient la source du Gange dans ses cheveux Shiva
42%
Ville la plus sacrée de cette religion, au bord du fleuve Bénarès
33%
En quoi sont fabriquées les deux énormes urnes qui ont permis au maharadjah Madho Singh II de transporter 30 000 litres d'eau du Gange lors de son voyage au Royaume Uni en 1902 ? Argent
17%
Nom de la déesse personnifiant le fleuve Ganga
17%
Ce musicien membre d'un groupe britannique mythique a fait disperser ses cendres dans le Gange après sa mort en 2001 George Harrison
13%
Ce cinéaste français a réalisé au bord du Gange sa première réalisation en couleurs, Le Fleuve, obtenant le prix de la Mostra de Venise en 1951 Jean Renoir
13%
Cet élément chimique, provenant des industries notamment les tanneries, est un polluant dangereux très présent aussi dans le Gange Chrome
4%
Aucun quiz correspondant
Distribution des résultats
% des personnes avec chaque résultat
Percentile par nombre de réponses
Votre historique - résultats
Vous n’avez pas pris ce quiz